| 000 | 00521nam a2200193 a 4500 | ||
|---|---|---|---|
| 005 | 20140310183207.0 | ||
| 008 | 030424s19uu xx 00 eng d | ||
| 020 | _a0842310045 | ||
| 050 |
_aHG 179 _b.D276 1986 |
||
| 100 | _aDayton, Howard Jr. L. | ||
| 245 |
_aGetting out of debt / _cHoward L. Dayton, Jr. |
||
| 260 |
_c1986. _aU.S : _b[S.l.], |
||
| 300 |
_a75 p. : _bill. ; _c18 cm. |
||
| 521 | _aBSBA | ||
| 650 | _aFinance, Personal Debt. | ||
| 650 | _aCostumer credit. | ||
| 942 |
_cBK _2lcc _kFOR |
||
| 999 |
_c20036 _d20036 |
||